|
|
|
|
| LEADER |
00000cam a2200000 7i4500 |
| 001 |
0000022875 |
| 005 |
20101025.0 |
| 008 |
101025 |
| 040 |
|
|
|a INS
|
| 090 |
0 |
0 |
|a VCD 610
|
| 245 |
0 |
0 |
|a MTCP 2002 :
|b Cultural show by participants of MTCP 2002 :
|b 18 August 2001 [
|h video disc]
|
| 260 |
|
|
|a Bangi :
|b INSPEN ,
|c 2002
|
| 300 |
|
|
|a 1 video disc (67 min.) :
|b sd., col., ;
|c 4 3/4 in.
|
| 500 |
|
|
|a Also available in format VHS 943
|
| 650 |
0 |
0 |
|a Festivals
|
| 650 |
0 |
0 |
|a Rites and ceremonies
|
| 710 |
1 |
|
|a INSPEN (Institut Penilaian Negara)
|
| 999 |
|
|
|a VCD0000610
|b VIDEO CD
|c Media Collection
|e Default branch
|